• 首页
  • 本馆介绍
  • 公告通知
  • 最新文献
  • 馆藏检索
  • 电子资源
  • 读者导购
  • 参考咨询
  • 我的图书馆
  • 登录
  • 详细信息显示
  • 放入我的书架
  • 预约/预借图书
  • 作者相关作品
  • 分类相关作品
  • 丛书相关作品
  • 出版社相关作品

书目信息

  • 表格格式
  • 工作单格式
  • 卡片格式
题名:
档案学的性格
    
 
作者: 陈建 著
分册:  
出版信息: 北京   社会科学文献出版社  2019
页数: 197页
开本: 24cm
丛书名:
单 册:
中图分类: G279.2
科图分类:
主题词: 档案学--研究--中国
电子资源:
ISBN: 978-7-5201-4836-8
000 01623nam0 2200265 450
001 012001003827
005 20131014141520.0
010    @a978-7-5201-4836-8@dCNY79.00
100    @a20190731d2019 em y0chiy50 ea
101 0  @achi
102    @aCN@b110000
105    @ay z 000yy
106    @ar
200 1  @a档案学的性格@Adang an xue de xing ge@dThe character of archival science@f陈建著@zeng
210    @a北京@c社会科学文献出版社@d2019
215    @a197页@d24cm
300    @a山东大学学科高峰计划考古与历史学项目经费资助
314    @a陈建 (1987-),男,山东潍坊人,管理学博士,历史学博士后。现任山东大学历史文化学院助理研究员。
330    @a本书首次提出“中国档案学的政治性格”,全面具体地对中国档案学的学科要素与政治行政的内在关联进行细化分析和探讨;从研究主体、研究对象和研究环境三个方面分析中国档案学的政治性格,通过分析三个要素之间的内在关联,探讨中国档案学政治性格的形成机理和内在逻辑;从特色结构、特色取向、特色方法三个方面分析中国档案学研究主体,认为中国档案学的研究主体具有鲜明的行政特色;从档案形成、档案管理、档案利用三个方面分析权力与中国档案学研究对象的相互建构;从政治发展环境、政治制度环境、意识形态环境、政策行政环境四个方面探讨中国档案学研究环境的政治熏染;辩证地看待中国档案学的政治性格,认为中国档案学政治性格存在五大优势,四大风险,主张对于中国档案学的政治性格不应一味地肯定或者否定,而应该保持和发扬其性格优势,同时采取适当措施规避其性格风险,完善和发展中国档案学的政治性格。
510 1  @aCharacter of archival science@zeng
606 0  @a档案学@x研究@y中国
690    @aG279.2@v5
701  0 @a陈建@Achen jian@f(1987-)@4著
801    @b江苏凤凰@c20191020
905    @b1234052-7@dG279.2@e104@f6
    
    档案学的性格=The character of archival science/陈建著.-北京:社会科学文献出版社,2019
    197页;24cm
    山东大学学科高峰计划考古与历史学项目经费资助
    
    ISBN 978-7-5201-4836-8:CNY79.00
    本书首次提出“中国档案学的政治性格”,全面具体地对中国档案学的学科要素与政治行政的内在关联进行细化分析和探讨;从研究主体、研究对象和研究环境三个方面分析中国档案学的政治性格,通过分析三个要素之间的内在关联,探讨中国档案学政治性格的形成机理和内在逻辑;从特色结构、特色取向、特色方法三个方面分析中国档案学研究主体,认为中国档案学的研究主体具有鲜明的行政特色;从档案形成、档案管理、档案利用三个方面分析权力与中国档案学研究对象的相互建构;从政治发展环境、政治制度环境、意识形态环境、政策行政环境四个方面探讨中国档案学研究环境的政治熏染;辩证地看待中国档案学的政治性格,认为中国档案学政治性格存在五大优势,四大风险,主张对于中国档案学的政治性格不应一味地肯定或者否定,而应该保持和发扬其性格优势,同时采取适当措施规避其性格风险,完善和发展中国档案学的政治性格。
●
相关链接 在E读中查询图书 在五车中查询图书 在当当中查询图书 在豆瓣中查询图书


正题名:档案学的性格     索取号:G279.2/104         预约/预借

序号 登录号 条形码 馆藏地/架位号 状态 备注
1 1234052   212340527   第一样本阅览室/ [索取号:G279.2/104] 在馆    
2 1234053   212340536   第四借阅区/ [索取号:G279.2/104] 在馆    
3 1234054   212340545   第四借阅区/ [索取号:G279.2/104] 在馆    
4 1234055   212340554   教育系资料室/ [索取号:G279.2/104] 在馆    
5 1234056   212340563   教育系资料室/ [索取号:G279.2/104] 在馆    
6 1234057   212340572   教育系资料室/ [索取号:G279.2/104] 在馆    
唐山师范学院图书馆 欢迎您!
大连网信软件有限公司© 版权所有